000 00601nam a2200217Ia 4500
005 20250508160319.0
008 008 250505s9999 xx 000 0 eng d
020 _a81-7457-143-4
037 _aTextBook
040 _aFEDL
_beng
_cFEDL
041 _aeng
_2eng
084 _a370.193, MAT
_qFEDL
100 _aMathur S S
_9762455
245 0 _aSociological approach to Indian education
260 _aAgra, India
_bVinod Pustak Mandir
_c1971
300 _a519p
365 _aINR
_b125
650 _aEducational Sociology
942 _cTB
_h370.193, MAT
999 _c1363584
_d1363584